|
|
|
|
| LEADER |
00000nab a2200000 a 4500 |
| 001 |
vtls008846109 |
| 003 |
SK-MaSNL |
| 005 |
20260304141405.0 |
| 008 |
250505c2005 xo | ||| ||slo |
| 015 |
|
|
|a SNBRA2006/09
|2 snkbucl
|
| 035 |
|
|
|a (uuid)c971b91d-e677-43c2-afeb-c6a5e12f9bb9
|
| 035 |
|
|
|a urn:nbn:sk:snk-abxsc
|
| 035 |
|
|
|a (urnnbn)urn:nbn:sk:snk:ar-a03nks
|
| 038 |
|
|
|a SNKBUCL
|
| 040 |
|
|
|a SNKBUCL
|b slo
|c SNKBUCL
|e AACR2
|
| 041 |
0 |
|
|a slo
|
| 044 |
|
|
|a xo
|c SK
|
| 080 |
|
|
|a 94(437.6)-051
|x "16"
|x (083.82)
|2 1997
|
| 080 |
|
|
|a 64.01:929.7
|x (437.6)
|x "16"
|2 1997
|
| 080 |
|
|
|a 929.7
|x (437.6)
|x "16"
|2 1997
|
| 080 |
|
|
|a 316.343.32
|x (437.6)
|x "16"
|2 1997
|
| 100 |
1 |
|
|a Dikáczová, Diana
|4 aut
|9 1459158
|
| 245 |
1 |
0 |
|a Inventár cenností grófky Eufrozíny Balassovej z roku 1630
|c Diana Dikáczová
|
| 504 |
|
|
|a Bibliogr. odkazy a pozn.
|
| 600 |
1 |
7 |
|a Balašová, Eufrozína
|d 17. stor.
|2 snkbucl
|9 1459159
|
| 648 |
|
7 |
|a 1630
|2 snkbucl
|9 716054
|
| 650 |
0 |
7 |
|a dejiny každodenného života
|2 snkbucl
|9 212338
|
| 650 |
0 |
7 |
|a šľachta
|2 snkbucl
|9 28113
|
| 650 |
0 |
7 |
|a domáce hospodárstvo
|2 snkbucl
|9 2073
|
| 650 |
0 |
7 |
|a cennosti
|2 snkbucl
|9 862035
|
| 655 |
|
7 |
|a inventáre
|2 snkbucl
|9 286745
|
| 773 |
0 |
|
|t Historické rozhľady. II/2005
|d Trnava : Filozofická fakulta Univerzity sv. Cyrila a Metoda v Trnave, 2005
|g S. 305-309
|z 8089034861
|
| 850 |
|
|
|a Slovenská národná knižnica
|
| 852 |
|
|
|a Slovenská národná knižnica
|
| 954 |
|
|
|a odborná, vedecká literatúra pôvodná (slovenská)
|2 lita
|
| 958 |
|
|
|a article27
|
| 958 |
|
|
|a OND
|
| 958 |
|
|
|a NB
|
| 958 |
|
|
|a SK
|
| 958 |
|
|
|a EUIPO
|
| 999 |
|
|
|c 2918606
|d 2920536
|